Personnalités francophones en J - Statistiques

Statistiques générales
  • Ce quiz a été pris 31 615 fois
    31 344 depuis la dernière actualisation
  • Le résultat moyen est 9 sur 16
Statistiques - réponses
Par images Hint Réponse % Correct
Rappeur JUL
97%
Chanteuse Jennifer
89%
Acteur Eric Judor
81%
Humoriste Jarry
79%
Youtubeur Joyca
78%
Acteur Gérard Jugnot
77%
Politicien Alain Juppé
55%
Chanteuse Joyce Jonathan
55%
Politicien Lionel Jospin
50%
Chanteuse Camélia Jordana
49%
Footballeur Aimé Jacquet
42%
Politicien Yannick Jadot
37%
Chanteuse Jena Lee
27%
Compositeur Jean-Michel Jarre
17%
Actrice Agnès Jaoui
16%
Actrice Marlène Jobert
11%
Aucun quiz correspondant
Distribution des résultats
% des personnes avec chaque résultat
Percentile par nombre de réponses
Votre historique - résultats
Vous n’avez pas pris ce quiz depuis la dernière actualisation